ბათუმის შოთა რუსთაველის სახელმწიფო უნივერსიტეტის ბიბლიოთეკა

გელათის ქრონიკებიბი : (ბიბ.ჩანაწერი № 39493)

000 -ლიდერი
ფიქსირებული სიგრძის საკონტროლო ველი 00845nam a2200217Ia 4500
001 - საკონტროლო ნომერი
საკონტროლო ველი 6089
003 - საკონტროლო ნომრის იდენტიფიკატორი
საკონტროლო ველი GE_BSU
005 - ბოლო ოპერაციის თარიღი და დრო
საკონტროლო ველი 20190919163454.0
008 - ფიქსირებული სიგრძის მონაცემთა ელემენტები - ზოგადი ინფორმაცია
ფიქსირებული სიგრძის საკონტროლო ველი 181216s1968||||ge |||||||||||||| ||geo||
040 ## - კატალოგიზაციის წყარო
Transcribing agency GE_BSU
041 ## - ენის კოდი
Language code of text/sound track or separate title geo
080 ## - უნივერსალური ათობითი კლასიფიკაციის ინდექსი
Universal Decimal Classification number 821.353.1-4 ა-78
100 ## - მთავარი ჩანაწერი - პიროვნების სახელი
Personal name ასათიანი, მამია
9 (RLIN) 4148
245 ## - ცნობა სათაურის შესახებ
Title გელათის ქრონიკებიბი :
Remainder of title ნარკვევები /
Statement of responsibility, etc მამია ასათიანი ; რედ. ლ. ერისთავი.
264 ## - წარმოების, გამოცემის, დისტრიბუციის და სხვა ცნობები
გამოცემის, წარმოების, დისტრიბუციის... ადგილი თბილისი :
გამოცემის, წარმოების, დისტრიბუციის... სახელწოდება ნაკადული ;
გამოცემის, წარმოების, დისტრიბუციის... თარიღი 1968.
300 ## - ფიზიკური აღწერა
Extent 110 გვ. ;
Dimensions 20 სმ.
653 ## - INDEX TERM--UNCONTROLLED
Uncontrolled term გელათის ქრონიკები
653 ## - INDEX TERM--UNCONTROLLED
Uncontrolled term ნარკვევები
700 ## - ADDED ENTRY--PERSONAL NAME
Personal name ერისთავი, ლ.
Relator term რედაქტორი
9 (RLIN) 4153
942 ## - ADDED ENTRY ELEMENTS (KOHA)
Koha item type წიგნი
Source of classification or shelving scheme
ეგზემპლარები
ჩამოწერის სტატუსი დაკარგული ეგზემპლარის სტატუსი კლასიფიკაციის წყარო ან თაროზე გაწყობის სქემა დაზიანების სტატუსი არ გაიცემა მუდმივი მდებარეობა (დაცვის ადგილი) ამჟამინდელი ადგილსამყოფელი თაროზე განთავსების ადგილი შეძენის თარიღი ღირებულება, შესყიდვის ნორმალური ფასი სრული შენახვის შიფრი შტრიხკოდი ბოლო ოპერაციის თარიღი ეგზემპლარის მიმდევრობითი ნომერი (კეტერი?) ფასის ძალაში შესვლის თარიღი ეგზემპლარის სახეობა საჯარო შენიშვნა
          ბათუმის შოთა რუსთაველის სახელმწიფო უნივერსიტეტის მთავარი ბიბლიოთეკა ბათუმის შოთა რუსთაველის სახელმწიფო უნივერსიტეტის მთავარი ბიბლიოთეკა წიგნსაცავი 2018-12-17 0.40 821.353.1-4 ა-78 13777 2018-12-17 13777 2018-12-17 წიგნი 0.40 ლ.